Možnosti zavádzania moderných metód a technológií v skladovom hospodárstve podniku diplomová práca

Gespeichert in:
Bibliographische Detailangaben
1. Verfasser: Pavlačková, Adriana
Körperschaft: Fakulta podnikového manažmentu EU. Katedra manažmentu výroby a logistiky - zrušená
Weitere Verfasser: Richnák, Patrik, 1988-
Format: Buch
Sprache:Slowakisch
Veröffentlicht: Bratislava 2023
Tags: Tag hinzufügen
Keine Tags, Fügen Sie das erste Tag hinzu!

MARC

LEADER 00000nbm a2200000 4500
001 0293418
005 20230906095047.6
041 0 |a slo 
044 |a SK 
245 1 0 |a Možnosti zavádzania moderných metód a technológií v skladovom hospodárstve podniku  |b diplomová práca  |c Adriana Pavlačková ; školiteľ: Patrik Richnák 
264 1 |a Bratislava  |c 2023 
300 |a 78 s. 
100 1 |a Pavlačková, Adriana 
700 1 |a Richnák, Patrik, 1988- 
710 2 |a Fakulta podnikového manažmentu EU. Katedra manažmentu výroby a logistiky - zrušená